| 000 | 01391nam a22003977a 4500 | ||
|---|---|---|---|
| 003 | CHAP | ||
| 005 | 20220329141203.0 | ||
| 008 | 971010s1986 r 00010 d | ||
| 010 | _a64027 | ||
| 011 | _a64999 | ||
| 035 | _a71158 | ||
| 040 | _cCHAP | ||
| 090 | _aTesis | ||
| 100 | 0 | 0 |
_aPeñaloza Rodríguez, Armando. _986878 |
| 245 | _aAscitis y su control parcial en pollo de engorda | ||
| 260 |
_aChapingo, Méx. : _bEl autor, _c1986 |
||
| 300 |
_a76 h. _b; gráfs. |
||
| 502 | _aTesis (Ing. Agrónomo Esp. en Zootecnia) -- UACH. Departamento de Zootecnia | ||
| 590 |
_aALEPH _b10 _c20130110 _lUCH01 _h1348 |
||
| 590 |
_aBATCH-UPD _b10 _c20130110 _lUCH01 _h0615 |
||
| 590 |
_aBATCH-UPD _b10 _c20130110 _lUCH01 _h2312 |
||
| 590 |
_aBATCH-UPD _b10 _c20130410 _lUCH01 _h0258 |
||
| 590 |
_aBATCH-UPD _b10 _c20130914 _lUCH01 _h0448 |
||
| 590 |
_aCONVERSION _b10 _c20130109 _lUCH01 _h1335 |
||
| 650 | 1 | 4 |
_aAves de corral _xAlimentación. _98638 |
| 650 | 1 | 4 |
_aAves de corral _xEnfermedades. _98646 |
| 650 | 1 | 4 |
_aHidropsia. _955281 |
| 700 | 0 |
_aRoa Castro, Francisco. _997838 |
|
| 700 | 0 |
_aSánchez Larraguível, J. Jesús. _9107639 |
|
| 710 | 0 |
_aUACH. Departamento de Zootecnia. _9115904 |
|
| 901 | _aBK | ||
| 942 | _cTESIS | ||
| 949 |
_aP387 _bZ _cTESBD _d-3757 _eTS1 _h556 _i71158 _si |
||
| 949 |
_aP387 _bZ _cTESBD _d-83935 _eTS2 _fc.2 _h557 _i71158 _si |
||
| 949 |
_bBC _cTES _d-116184 _eTS1 _h19407 _i71158 _si |
||
| 999 |
_c64027 _d64027 |
||